000 00509nam a2200193Ia 4500
003 GCL
008 140319s9999 xx 000 0 aRus d
040 _aGCL /
_cGCL
082 0 4 _a863
_bA S
100 1 _aALBAICIN, JOAQUIN
245 1 0 _aLA SERPIENTE TERRENAL: UN VODEVIL DE HOY /
_cALBAICIN, JOAQUIN
260 _a[S.N] :
_bEDITORIAL ANAGRAMA ،
_c1993
300 _a142
650 0 4 _aLITERATURE
650 0 4 _aFICTION
650 0 4 _aSPANISH LITERATURE
650 0 4 _aSPANISH FICTION
942 _2ddc
_cBK
999 _c12836
_d12836